000 00508nam a2200205Ia 4500
003 OSt
005 20220928144235.0
006 a|||||r|||| 00| 0
007 ta
008 220927b |||||||| |||| 00| 0 eng d
024 _a63786
037 _cTextual
040 _aSDCL
_cSDCL
_beng
041 _2eng
_aeng
082 _aG:68:f3, N4
100 _aHarwood Ed.
_9507438
245 0 _aProtocols for gene analysis
942 _hG:68:f3, N4
_cTEXL
_2CC
999 _c826810
_d826810